|
|
|
|
| LEADER |
00797nam a22002057a 4500 |
| 008 |
110529s xxu||||| |||| 00| 0 eng d |
| 020 |
|
|
|a 8186340491
|
| 040 |
|
|
|a BD-DhAAL
|c BD-DhAAL
|
| 082 |
|
|
|2 22
|a 005.3
|
| 100 |
|
|
|a Nambissan, T. M. Ramachandran
|9 1269
|
| 245 |
|
|
|a Principles and Techniques of Programming:
|b ilustrated with flowcharts and pseudocodes
|c T. M. Ramachandran Nambissan
|
| 250 |
|
|
|a Rev. ed.
|
| 260 |
|
|
|a New Delhi:
|b Suneel Galgotia
|c 1994 (Reprinted 1999)
|
| 300 |
|
|
|a ix, 349:
|b ill;
|c 24 cm.
|
| 500 |
|
|
|a Includes index.
|
| 650 |
|
|
|a Programming
|9 1270
|
| 541 |
|
|
|e 00007722
|
| 942 |
|
|
|2 ddc
|c BK
|
| 999 |
|
|
|c 10907
|d 10907
|
| 952 |
|
|
|0 0
|1 0
|2 ddc
|4 0
|6 005_300000000000000_NAM
|7 0
|9 16794
|a BRACUL
|b BRACUL
|c GEN
|d 2011-05-29
|l 19
|m 72
|o 005.3 NAM
|p 3010007722
|r 2025-07-13
|s 2025-07-02
|t 1
|w 2011-05-29
|y BK
|